Statistics for Cities with High Elevation

Click here to take the quiz!

General Stats

  • This quiz has been taken 19 times
  • The average score is 13 of 36

Answer Stats

CountryPopulationAnswer% Correct
Ethiopia2,738,248Addis Ababa
100%
Colombia8,080,734Bogota
100%
Mexico9,209,044Mexico City
100%
Ecuador2,239,191Quito
95%
Yemen2,431,649Sana'a
95%
Bolivia845,480La Paz
89%
Mexico304,088La Paz
89%
Bolivia300,000Sucre
89%
Eritrea649,000Asmara
68%
China373,000Lhasa
63%
Mexico1,542,232Puebla
63%
Peru358,052Cusco
58%
Mexico910,608Toluca
32%
Peru836,859Arequipa
26%
Bolivia618,376Cochabamba
26%
Mexico1,645,342Ecatepec
21%
Bolivia1,184,942El Alto
21%
Ecuador331,888Cuenca
16%
Colombia411,706Pasto
16%
Kenya289,380Eldoret
11%
Colombia388,525Manizales
11%
Mexico1,072,676Nezahualcoyotl
11%
Guatemala661,375Quetzaltenango
11%
Mexico672,202Tlalnepantla de Baz
11%
China1,198,304Xining
11%
Peru283,767Cajamarca
5%
Bolivia250,700Oruro
5%
Mexico314,331Pachuca
5%
Colombia455,992Soacha
5%
Saudi Arabia781,206Abha
0%
Mexico525,389Chimalhuacan
0%
Mexico523,674Ciudad Lopez Mateos
0%
Mexico555,163Cuautitlan
0%
Peru425,000Huancayo
0%
Mexico277,562Texoco
0%
Mexico384,327Valle del Chalco
0%

Score Distribution

Percentile by Number Answered

Percent of People with Each Score

Your Score History

You have not taken this quiz